000 00959cam a2200229 4500
001 L137232
008 070323s2005 xxk f 000 0 eng d
020 _a1741071011
035 _a(Sirsi) u137232
041 0 _aeng
100 1 _aPathirage, C.P.
245 0 0 _aImportance of tacit knowledge towards company performance and its relevance to construction
_h[electronic resource]
260 _aBrisbane
_bQueensland University of Technology
_c2005
490 0 _aCOBRA
_v2006
520 _aDiscusses the understanding and management of tacit knowledge within organizations, and the ways in which tacit knowledge can improve organisational performance.
651 4 _aInternational
690 _aMANAGEMENT-BUSINESS MANAGEMENT-INFORMATION MANAGEMENT
700 1 _aHaigh, R.
700 1 _aAmaratunga, R.D.G.
856 4 0 _uhttps://www.rics.org/site/scripts/download_info.aspx?downloadID=2605
_zView the item free of charge at www.rics.org...
942 _n0
999 _c106698
_d106698